Las realidades de la China de Mao /

Testimonio crítico sobre las condiciones generales de vida en la China comunista durante el régimen de Mao Tse-Tung, el fundador de la República Popular China. La obra es una amplia conversación de la autora sostenida en 1971 en Taiwán, a donde fue invitada por el Comité de Planificación para la Rec...

Full beskrivning

Sparad:
Bibliografiska uppgifter
Huvudupphov: Mao-Ju, Yuan (autor)
Materialtyp: Bok
Språk:spanska
Serie:(La Otra Cara de la Historia)
Ämnen:
Taggar: Lägg till en tagg
Inga taggar, Lägg till första taggen!

MARC

LEADER 00000nam^a2200000^a^4500
001 000139988
005 20250521000000.0
009 20260310095522.499
020 |a 84-7347-000-1 
037 |a Acervo ITESO - Biblioteca 
041 |a ESP 
082 |a 320. 95105  |b MAO 
100 |a Mao-Ju, Yuan  |e (autor) 
245 1 4 |a Las realidades de la China de Mao /  |c Y. Mao-Ju. 
264 |a Madrid, España :  |b Editorial Nos,  |c 1973 
300 |a 154 p. 
336 |a texto  |b txt  |2 rdacontenido 
337 |a sin mediación  |b n  |2 rdamedio 
338 |a volumen  |b nc  |2 rdasoporte 
440 4 |a (La Otra Cara de la Historia) 
520 |a Testimonio crítico sobre las condiciones generales de vida en la China comunista durante el régimen de Mao Tse-Tung, el fundador de la República Popular China. La obra es una amplia conversación de la autora sostenida en 1971 en Taiwán, a donde fue invitada por el Comité de Planificación para la Recuperación del Continente, completada con tres textos de ella misma a modo de apéndices. 
649 |a XX 
650 |a Jefes de Estado Chinos 
650 |a Políticos Chinos 
650 |a Maoísmo 
650 |a Revolución Cultural (China) 
650 |a Comunismo -  |z China -  |x Historia 
650 |a Política -  |z China -  |x Historia -  |y 1949-1976 
650 |a Política -  |z China -  |x Historia -  |y Período de la República Popular, 1949 en Adelante 
650 |a Política -  |z China -  |x Historia -  |y Siglo XX 
910 |a Fondo General 
920 |a Impresos - Libros 
930 |a Colección General 
905 |a 101 
901 |a 0500068313  |b IT1  |c ACC  |u 20250521 
902 |a https://opac.biblio.iteso.mx/vufind/Record/000139988